Normal view
MARC view
Entry Topical Term
001 - CONTROL NUMBER
- control field: 11456
003 - CONTROL NUMBER IDENTIFIER
- control field: OSt
005 - DATE AND TIME OF LATEST TRANSACTION
- control field: 20190926105016.0
008 - FIXED-LENGTH DATA ELEMENTS
- fixed length control field: 190926|| aca||aabn | a|a d
040 ## - CATALOGING SOURCE
- Original cataloging agency: OSt
- Transcribing agency: OSt
150 ## - HEADING--TOPICAL TERM
- Topical term or geographic name entry element: Public library - United States
670 ## - SOURCE DATA FOUND
- Source citation: Work cat.: (OSt): Ebdon, Carol et al 11455, Institutional arrangements for public library funding and spending
